Armor of God - Bible - Statistics

General Stats
  • This quiz has been taken 1,103 times
  • The average score is 4 of 6
Answer Stats
Armor of God % Correct
Breastplate of Righteousness
76%
Shield of Faith
72%
Helmet of Salvation
69%
Belt of Truth
66%
Sword of the Spirit
66%
Shoes of the Gospel of Peace
52%
No matching quizzes found
Score Distribution
Percent of People with Each Score
Percentile by Number Answered
Your Score History
You have not taken this quiz